[Event "Online Olym Div2 D 2020"]
[Site "chess.com INT"]
[Date "2020.08.15"]
[Round "6.5"]
[Board "4"]
[White "Blagojevic, Tijana"]
[Black "Agrest, Inna"]
[Result "0-1"]
[WhiteTitle "WIM"]
[BlackTitle "WIM"]
[WhiteElo "2194"]
[BlackElo "2284"]
[WhiteTeam "Serbia"]
[BlackTeam "Sweden"]
[WhiteFideId "16500270"]
[BlackFideId "1708830"]
[EventDate "2020.08.14"]
[EventType "team"]

1. e4 e5 2. Nf3 Nc6 3. Nc3 Nf6 4. d4 exd4 5. Nxd4 Bb4 6. Nxc6 bxc6 7. Bd3 O-O 8.
O-O Re8 9. Bg5 Rb8 10. f4 Be7 11. b3 d6 12. Qf3 h6 13. Bh4 Nd7 14. Bxe7 Qxe7 15.
Rae1 Nc5 16. e5 Nxd3 17. cxd3 d5 18. Kh1 Qb4 19. Ne2 a5 20. Ng3 a4 21. Nh5 Kh8
22. Qg3 Qf8 23. bxa4 Bf5 24. Qf3 Rb2 25. Ng3 Bc8 26. Rf2 Rxf2 27. Qxf2 Qa3 28.
Qd4 Ba6 29. Rd1 Qxa2 30. f5 Qb3 31. Qg4 Bxd3 32. f6 Bg6 33. fxg7+ Kxg7 34. Nh5+
Kh8 35. Nf6 Rxe5 36. Qc8+ Kg7 37. Rf1 Rf5 38. Ne8+ Kh7 39. Rg1 Qc3 40. Qxc7 Qe5
41. Qxc6 d4 42. h3 d3 43. Nd6 Rh5 44. Ne8 Rxh3+ 45. gxh3 Be4+ 46. Qxe4+ Qxe4+
47. Kh2 Qxe8 0-1

[Event "Online Olym Div2 D 2020"]
[Site "chess.com INT"]
[Date "2020.08.15"]
[Round "6.5"]
[Board "5"]
[White "Pantzar, Milton"]
[Black "Ivic, Velimir"]
[Result "0-1"]
[WhiteTitle "IM"]
[BlackTitle "GM"]
[WhiteElo "2424"]
[BlackElo "2548"]
[WhiteTeam "Sweden"]
[BlackTeam "Serbia"]
[WhiteFideId "1721003"]
[BlackFideId "950122"]
[EventDate "2020.08.14"]
[EventType "team"]

1. d4 Nf6 2. c4 g6 3. g3 Bg7 4. Bg2 O-O 5. Nc3 d6 6. Nf3 c6 7. O-O Bf5 8. Ne1
Be6 9. b3 d5 10. cxd5 Nxd5 11. Nxd5 Bxd5 12. e4 Be6 13. Bb2 c5 14. e5 Bd5 15.
dxc5 Bxg2 16. Nxg2 Nc6 17. Qe2 Qa5 18. Rfc1 Rad8 19. Qe3 Qd2 20. Qxd2 Rxd2 21.
Bc3 Rd5 22. Ne3 Rxc5 23. f4 f6 24. exf6 exf6 25. Bb2 Rxc1+ 26. Rxc1 Rd8 27. Rd1
Rxd1+ 28. Nxd1 Kf7 29. Kg2 Bf8 30. Kf3 f5 31. Nf2 Ke6 32. Nd3 Bd6 33. h3 Kd5 34.
Bc3 b5 35. Ke3 Bc7 36. Nb4+ Nxb4 37. Bxb4 Bb6+ 38. Kd3 h5 39. Be1 a6 40. a4 bxa4
41. bxa4 Bd4 42. Ke2 Kc4 43. a5 Bc3 0-1

[Event "Online Olym Div2 D 2020"]
[Site "chess.com INT"]
[Date "2020.08.15"]
[Round "6.5"]
[Board "6"]
[White "Srdanovic, Jovana"]
[Black "Zaritovskaja, Margarita"]
[Result "1-0"]
[WhiteTitle "WFM"]
[WhiteElo "2144"]
[BlackElo "2040"]
[WhiteTeam "Serbia"]
[BlackTeam "Sweden"]
[WhiteFideId "954810"]
[BlackFideId "14149249"]
[EventDate "2020.08.14"]
[EventType "team"]

1. d4 f5 2. c4 Nf6 3. Nc3 d6 4. Nf3 g6 5. e3 Bg7 6. Be2 O-O 7. O-O c6 8. d5 Nbd7
9. Nd4 Nc5 10. dxc6 bxc6 11. Nxc6 Qd7 12. Nd4 Bb7 13. Nf3 a6 14. Qc2 Rac8 15. b4
Nfe4 16. Bb2 Nxc3 17. Bxc3 Be4 18. Qd2 Bxc3 19. Qxc3 Ne6 20. Nd4 f4 21. f3 Ba8
22. Nxe6 Qxe6 23. e4 d5 24. c5 dxe4 25. Bc4 Bd5 26. Bxd5 Qxd5 27. fxe4 Qxe4 28.
Rae1 Qb7 29. Qc4+ Kg7 30. Rxf4 Rxf4 31. Qxf4 Rf8 32. Qe5+ Kg8 33. Qe6+ Kg7 34.
Qxe7+ Rf7 35. Qxb7 Rxb7 36. a3 Kf6 37. Kf2 Rc7 38. Re4 a5 39. g4 axb4 40. axb4
h5 41. gxh5 gxh5 42. Ke3 Kf5 43. Rf4+ Kg5 44. h4+ Kg6 45. Kd4 1-0

[Event "Online Olym Div2 D 2020"]
[Site "chess.com INT"]
[Date "2020.08.16"]
[Round "7.1"]
[Board "1"]
[White "Indjic, Aleksandar"]
[Black "Agdestein, Simen"]
[Result "1-0"]
[WhiteTitle "GM"]
[BlackTitle "GM"]
[WhiteElo "2618"]
[BlackElo "2552"]
[WhiteTeam "Serbia"]
[BlackTeam "Norway"]
[WhiteFideId "911925"]
[BlackFideId "1500015"]
[EventDate "2020.08.14"]
[EventType "team"]

1. d4 e6 2. Nf3 f5 3. Bg5 Be7 4. h4 Nf6 5. Nbd2 O-O 6. Bxf6 Bxf6 7. e4 d5 8. e5
Be7 9. c4 b6 10. cxd5 exd5 11. Rc1 c5 12. Ng5 h6 13. Qh5 Bxg5 14. hxg5 Qxg5 15.
Qxg5 hxg5 16. dxc5 Nd7 17. Nf3 g4 18. c6 gxf3 19. cxd7 Bxd7 20. gxf3 f4 21. Kd2
Bf5 22. Bd3 Rae8 23. Rhe1 Re7 24. Rc6 Rc8 25. Rxc8+ Bxc8 26. Kc3 Be6 27. Kd4 Rc7
28. Rh1 a5 29. a3 g5 30. Rh6 Re7 31. Rf6 Kg7 32. b4 axb4 33. axb4 Re8 34. Rg6+
Kf7 35. Rxg5 Ra8 36. Bf5 Ra3 37. Bxe6+ Kxe6 38. Rg6+ Kf5 39. Rf6+ Kg5 40. Rf8 1-0

[Event "Online Olym Div2 D 2020"]
[Site "chess.com INT"]
[Date "2020.08.16"]
[Round "7.1"]
[Board "2"]
[White "Urkedal, Frode Olav Olsen"]
[Black "Perunovic, Milos"]
[Result "1-0"]
[WhiteTitle "GM"]
[BlackTitle "GM"]
[WhiteElo "2549"]
[BlackElo "2585"]
[WhiteTeam "Norway"]
[BlackTeam "Serbia"]
[WhiteFideId "1506102"]
[BlackFideId "921629"]
[EventDate "2020.08.14"]
[EventType "team"]

1. d4 Nf6 2. c4 e6 3. Nf3 c5 4. d5 d6 5. Nc3 exd5 6. cxd5 g6 7. Nd2 Bg7 8. e4
O-O 9. Be2 Re8 10. O-O Nbd7 11. h3 a6 12. a4 b6 13. Re1 Rb8 14. Qc2 Qc7 15. Nc4
Ne5 16. Nxe5 Rxe5 17. Bf4 Re8 18. Bg3 c4 19. Rac1 b5 20. b4 Qb6 21. Kh1 Rb7 22.
f4 Rbe7 23. Bf3 h6 24. axb5 axb5 25. Qd2 Nh5 26. Bh4 Nf6 27. Re2 Qb8 28. Rce1
Ra7 29. e5 Nh7 30. exd6 Rxe2 31. Rxe2 Bd7 32. Ne4 Ra1+ 33. Kh2 Ra3 34. Nc5 Qxd6
35. Be7 Qc7 36. d6 Qa7 37. Nxd7 Qxd7 38. Bc6 Qxc6 39. d7 Ra8 40. d8=Q+ Rxd8 41.
Qxd8+ Nf8 42. Bxf8 Bxf8 43. Re8 1-0

[Event "Online Olym Div2 D 2020"]
[Site "chess.com INT"]
[Date "2020.08.16"]
[Round "7.1"]
[Board "3"]
[White "Injac, Teodora"]
[Black "Stanford, Sheila Barth"]
[Result "1/2-1/2"]
[WhiteTitle "WIM"]
[BlackTitle "WIM"]
[WhiteElo "2286"]
[BlackElo "2153"]
[WhiteTeam "Serbia"]
[BlackTeam "Norway"]
[WhiteFideId "932400"]
[BlackFideId "1500953"]
[EventDate "2020.08.14"]
[EventType "team"]

1. d4 Nf6 2. Nf3 g6 3. Nbd2 d5 4. e3 Bg7 5. b4 O-O 6. Bb2 Nc6 7. a3 e5 8. b5 e4
9. bxc6 exf3 10. Nxf3 bxc6 11. Ne5 Ne4 12. Bd3 Qg5 13. O-O Bh3 14. Qf3 Bxe5 15.
Qxh3 Bd6 16. Bc1 Qe7 17. f3 Ng5 18. Qh6 f5 19. c4 Nf7 20. Qh3 Ng5 21. Qh6 Nf7
22. Qh3 Ng5 23. Qh6 1/2-1/2

[Event "Online Olym Div2 D 2020"]
[Site "chess.com INT"]
[Date "2020.08.16"]
[Round "7.1"]
[Board "4"]
[White "Dolzhikova, Olga"]
[Black "Blagojevic, Tijana"]
[Result "1-0"]
[WhiteTitle "WGM"]
[BlackTitle "WIM"]
[WhiteElo "2208"]
[BlackElo "2194"]
[WhiteTeam "Norway"]
[BlackTeam "Serbia"]
[WhiteFideId "14105870"]
[BlackFideId "16500270"]
[EventDate "2020.08.14"]
[EventType "team"]

1. b3 e5 2. Bb2 Nc6 3. e3 Nf6 4. Bb5 Bd6 5. Na3 e4 6. Nc4 Be7 7. Bxc6 dxc6 8.
Ne2 O-O 9. O-O a5 10. d3 a4 11. Ng3 Bg4 12. Qd2 exd3 13. cxd3 Nd5 14. e4 Bb4 15.
Qc1 Nb6 16. Ne3 Be6 17. Nef5 f6 18. a3 Bd6 19. b4 Bxg3 20. fxg3 Qxd3 21. Nxg7
Qd7 22. Nh5 Nc4 23. Nxf6+ Rxf6 24. Bxf6 Bf7 25. Qg5+ Bg6 26. h4 Nd6 27. Rae1 Nf7
28. Qf4 h5 29. Ba1 Qe6 30. Qe3 Re8 31. Qd4 Ne5 32. Rf4 Qc4 33. Qb2 Qb3 34. Qd4
Qc4 35. Rf6 Qxd4+ 36. Bxd4 Kh7 37. Ref1 Nc4 38. e5 Nxa3 39. e6 Nb5 40. Ba1 a3
41. Rd1 a2 42. Rd7+ Kh6 43. Be5 Nd6 44. Bf4# 1-0

[Event "Online Olym Div2 D 2020"]
[Site "chess.com INT"]
[Date "2020.08.16"]
[Round "7.1"]
[Board "5"]
[White "Ivic, Velimir"]
[Black "Haug, Johannes"]
[Result "1/2-1/2"]
[WhiteTitle "GM"]
[BlackTitle "IM"]
[WhiteElo "2548"]
[BlackElo "2481"]
[WhiteTeam "Serbia"]
[BlackTeam "Norway"]
[WhiteFideId "950122"]
[BlackFideId "1509268"]
[EventDate "2020.08.14"]
[EventType "team"]

1. e4 e6 2. d4 d5 3. Nc3 Bb4 4. e5 c5 5. a3 Ba5 6. b4 cxd4 7. Qg4 Kf8 8. Nb5 Bb6
9. Nf3 Nc6 10. Bb2 Nge7 11. Nbxd4 h5 12. Qf4 Ng6 13. Nxc6 bxc6 14. Qg3 a5 15.
Bd3 Ba6 16. O-O Bxd3 17. cxd3 Ne7 18. Qf4 axb4 19. axb4 Nf5 20. b5 cxb5 21. Qb4+
Kg8 22. Rxa8 Qxa8 23. Qxb5 Qb8 24. Qd7 Bd8 25. Ba3 Qc7 26. Qa4 Kh7 27. Rc1 Qb7
28. h3 Be7 29. Bxe7 Qxe7 30. Qf4 Ra8 31. g4 hxg4 32. hxg4 Nh4 33. Nxh4 Qxh4 34.
Kg2 Kg6 35. Rc7 Rf8 36. d4 Qg5 37. Qxg5+ Kxg5 38. Kg3 Kg6 39. f4 Ra8 40. f5+
exf5 41. gxf5+ Kxf5 42. Rxf7+ Ke6 43. Rxg7 Ra3+ 44. Kh4 Rd3 45. Rg4 Kf5 46. Rg5+
Ke6 47. Rg6+ Kf5 48. Rf6+ Ke4 49. e6 Kxd4 50. Rf4+ Kc3 51. Re4 dxe4 52. e7 e3
53. e8=Q Kd2 54. Kg3 e2+ 55. Kf2 Rf3+ 56. Kxf3 e1=Q 57. Qxe1+ Kxe1 1/2-1/2

[Event "Online Olym Div2 D 2020"]
[Site "chess.com INT"]
[Date "2020.08.16"]
[Round "7.1"]
[Board "6"]
[White "Kvendseth, Thyra"]
[Black "Srdanovic, Jovana"]
[Result "0-1"]
[BlackTitle "WFM"]
[WhiteElo "2017"]
[BlackElo "2144"]
[WhiteTeam "Norway"]
[BlackTeam "Serbia"]
[WhiteFideId "1520628"]
[BlackFideId "954810"]
[EventDate "2020.08.14"]
[EventType "team"]

1. Nf3 d5 2. g3 Nf6 3. Bg2 c6 4. d4 Bf5 5. Bf4 h6 6. O-O e6 7. Nbd2 Nbd7 8. c4
Be7 9. Qb3 Qb6 10. c5 Qa6 11. Rfc1 Ne4 12. Bf1 Qb5 13. Qa3 a5 14. Nxe4 dxe4 15.
Bd2 Qa6 16. e3 Qa7 17. Ne5 Nxe5 18. dxe5 O-O 19. Qc3 Rfd8 20. a3 Bxc5 21. Be1
Be7 22. Rd1 a4 23. Rd4 Rxd4 24. exd4 Rd8 25. Rd1 Bg4 26. Rc1 Qxd4 27. Qxd4 Rxd4
28. Bc3 Rd5 29. Bc4 Rd7 30. Re1 Bf3 31. Ba2 Rd1 32. Bb1 Rxe1+ 33. Bxe1 Bc5 34.
Bc3 b5 35. Kf1 Be7 36. Ke1 c5 37. Kd2 Kf8 38. Ke3 Bg5# 0-1

[Event "Online Olym Div2 D 2020"]
[Site "chess.com INT"]
[Date "2020.08.16"]
[Round "7.2"]
[Board "1"]
[White "Solak, Dragan"]
[Black "Grandelius, Nils"]
[Result "1/2-1/2"]
[WhiteTitle "GM"]
[BlackTitle "GM"]
[WhiteElo "2594"]
[BlackElo "2662"]
[WhiteTeam "Turkey"]
[BlackTeam "Sweden"]
[WhiteFideId "916811"]
[BlackFideId "1710400"]
[EventDate "2020.08.14"]
[EventType "team"]

1. e4 c6 2. d4 d5 3. Nd2 dxe4 4. Nxe4 Nf6 5. Nxf6+ exf6 6. c3 Bd6 7. Bd3 O-O 8.
Qc2 Re8+ 9. Ne2 h5 10. O-O h4 11. h3 Nd7 12. Be3 Nf8 13. c4 Be6 14. Rad1 Rc8 15.
Rfe1 Bb8 16. b3 g6 17. Kf1 Kg7 18. Ng1 Qd7 19. Be4 Nh7 20. Qd2 Rcd8 21. d5 cxd5
22. Bxd5 Bxd5 23. Qxd5 Qxd5 24. Rxd5 Rxd5 25. cxd5 Rd8 1/2-1/2

[Event "Online Olym Div2 D 2020"]
[Site "chess.com INT"]
[Date "2020.08.16"]
[Round "7.2"]
[Board "2"]
[White "Carlsson, Pontus"]
[Black "Sanal, Vahap"]
[Result "0-1"]
[WhiteTitle "GM"]
[BlackTitle "GM"]
[WhiteElo "2473"]
[BlackElo "2581"]
[WhiteTeam "Sweden"]
[BlackTeam "Turkey"]
[WhiteFideId "1705814"]
[BlackFideId "6300545"]
[EventDate "2020.08.14"]
[EventType "team"]

1. e4 d6 2. d4 Nf6 3. Nc3 e5 4. Nf3 Nbd7 5. Bc4 Be7 6. O-O O-O 7. Re1 c6 8. a4
h6 9. Ba2 Re8 10. Nh4 exd4 11. Qxd4 d5 12. Qd1 Nxe4 13. Nxe4 Bxh4 14. Ng3 Rxe1+
15. Qxe1 Nf8 16. Bd2 Bf6 17. Bc3 Be6 18. Rd1 Nd7 19. Nh5 Bxc3 20. Qxc3 Qg5 21.
Ng3 Re8 22. Re1 Nf6 23. Qd4 b6 24. b4 Bd7 25. Rxe8+ Nxe8 26. f4 Qe7 27. Qd2 Nf6
28. c3 a5 29. Bb1 c5 30. b5 Ng4 31. Nf1 Qd6 32. Be4 Nf6 33. Bf3 d4 34. cxd4 cxd4
35. Ng3 Be6 36. Ne2 d3 37. Nc3 Bb3 38. h3 Qd4+ 39. Kh2 Bxa4 40. Nxa4 Qxa4 41.
Qxd3 Qxf4+ 42. g3 Qc7 43. Bc6 h5 44. Qd4 Kh7 45. Kg2 Ng8 46. g4 hxg4 47. hxg4
Ne7 48. Qd3+ g6 49. Qf3 Kg8 50. Qe4 Qd6 51. Qe3 Nxc6 52. Qe8+ Qf8 53. Qxc6 Qd8
54. Qe4 Qd2+ 55. Kh3 Qc3+ 56. Kh4 Kg7 57. Qc6 Qd4 58. Kg3 a4 59. g5 a3 60. Qa8
Qc3+ 61. Kg4 Qc4+ 62. Kh3 a2 63. Qa3 Qe6+ 64. Kh4 Qe4+ 65. Kg3 Qe5+ 66. Kh4 a1=Q 0-1

[Event "Online Olym Div2 D 2020"]
[Site "chess.com INT"]
[Date "2020.08.16"]
[Round "7.2"]
[Board "3"]
[White "Atalik, Ekaterina"]
[Black "Cramling, Pia"]
[Result "0-1"]
[WhiteTitle "IM"]
[BlackTitle "GM"]
[WhiteElo "2450"]
[BlackElo "2464"]
[WhiteTeam "Turkey"]
[BlackTeam "Sweden"]
[WhiteFideId "4130189"]
[BlackFideId "1700030"]
[EventDate "2020.08.14"]
[EventType "team"]

1. Nf3 c5 2. e3 g6 3. d4 Bg7 4. Be2 Nf6 5. O-O O-O 6. d5 d6 7. c4 e6 8. Nc3 exd5
9. cxd5 Re8 10. Nd2 b6 11. e4 Ba6 12. Bxa6 Nxa6 13. Re1 Qd7 14. a4 Ng4 15. Nc4
Ne5 16. Nxe5 Bxe5 17. f4 Bg7 18. Ra3 Nb4 19. Na2 Nxa2 20. Rxa2 f5 21. b3 Rxe4
22. Rae2 Rae8 23. Qd3 Qe7 24. Kf1 Bd4 25. Rxe4 fxe4 26. Qh3 Qf7 27. g4 Qxd5 28.
Kg2 e3+ 29. Qf3 Qxb3 30. f5 Qc2+ 31. Kh1 Qe4 0-1

[Event "Online Olym Div2 D 2020"]
[Site "chess.com INT"]
[Date "2020.08.16"]
[Round "7.2"]
[Board "4"]
[White "Frisk, Ellinor"]
[Black "Yildiz Kadioglu, Betul Cemre"]
[Result "0-1"]
[WhiteTitle "WIM"]
[BlackTitle "WGM"]
[WhiteElo "2176"]
[BlackElo "2362"]
[WhiteTeam "Sweden"]
[BlackTeam "Turkey"]
[WhiteFideId "1708481"]
[BlackFideId "6302920"]
[EventDate "2020.08.14"]
[EventType "team"]

1. Nf3 d5 2. c4 d4 3. b4 Nf6 4. g3 c5 5. bxc5 Nc6 6. d3 e5 7. Bg2 Bxc5 8. O-O
O-O 9. Nbd2 h6 10. Nb3 Be7 11. e3 dxe3 12. fxe3 e4 13. dxe4 Nxe4 14. Bb2 Ng5 15.
Qe2 Bg4 16. Nbd4 Ne5 17. Qc2 Nexf3+ 18. Nxf3 Bc5 19. Nd4 Qe7 20. Rae1 Rad8 21.
h4 Ne6 22. Nf5 Qc7 23. Kh2 Bb4 24. Rb1 Rd2 25. Qe4 Be2 26. Rf2 Bd3 27. Nxh6+
gxh6 28. Qg4+ Kh7 29. Rxd2 Bxd2 30. Rd1 Rg8 31. Be4+ Bxe4 32. Qxe4+ Rg6 33. Rg1
Qc5 34. Rf1 Qc7 35. Rf3 Ng7 36. Bxg7 Kxg7 37. Qd4+ Kg8 38. Qxd2 Qxc4 39. Qd8+
Kg7 40. h5 Qe2+ 41. Kh3 Qxf3 42. hxg6 Qf5+ 43. Kg2 Qe4+ 44. Kf2 Qc2+ 45. Kf3
Qxg6 46. Ke2 Qc2+ 47. Kf3 Qc6+ 48. Ke2 Qg2+ 49. Kd3 Qf1+ 50. Kd2 Qf6 51. Qd5 b6 0-1

[Event "Online Olym Div2 D 2020"]
[Site "chess.com INT"]
[Date "2020.08.16"]
[Round "7.2"]
[Board "5"]
[White "Gokerkan, Cem Kaan"]
[Black "Seo, Jung Min"]
[Result "0-1"]
[WhiteTitle "IM"]
[BlackTitle "FM"]
[WhiteElo "2461"]
[BlackElo "2455"]
[WhiteTeam "Turkey"]
[BlackTeam "Sweden"]
[WhiteFideId "6336760"]
[BlackFideId "1734687"]
[EventDate "2020.08.14"]
[EventType "team"]

1. e4 e5 2. Nc3 Nc6 3. g3 g6 4. Bg2 Bg7 5. Nge2 Nge7 6. O-O O-O 7. d3 d6 8. Be3
Nd4 9. Nd5 Nxd5 10. exd5 Bg4 11. f3 Nxe2+ 12. Qxe2 Bd7 13. Rad1 c6 14. dxc6 Bxc6
15. d4 Qa5 16. a3 Rfe8 17. d5 Bd7 18. c4 Rac8 19. Rc1 b6 20. Rfe1 Rc7 21. Bd2
Qa4 22. Bb4 Bf8 23. Qe3 Qa6 24. Bf1 Qb7 25. Bc3 b5 26. Ba5 Rcc8 27. b3 h5 28.
Bb4 bxc4 29. bxc4 Bf5 30. Red1 Qd7 31. c5 dxc5 32. Bxc5 e4 33. Bxf8 exf3 34.
Qxf3 Rxf8 35. Rxc8 Rxc8 36. Qe3 Bg4 37. Rd4 Qd6 38. h3 Bd7 39. Rd1 Re8 40. Qf2
Qxa3 41. d6 Re3 42. Kh2 h4 43. g4 Qc3 44. Qf4 Qc2+ 45. Bg2 Re2 46. Rg1 Bc6 47.
d7 Rxg2+ 0-1

[Event "Online Olym Div2 D 2020"]
[Site "chess.com INT"]
[Date "2020.08.16"]
[Round "7.2"]
[Board "6"]
[White "Zaritovskaja, Margarita"]
[Black "Caglar, Sila"]
[Result "1/2-1/2"]
[BlackTitle "WIM"]
[WhiteElo "2040"]
[BlackElo "2250"]
[WhiteTeam "Sweden"]
[BlackTeam "Turkey"]
[WhiteFideId "14149249"]
[BlackFideId "6364063"]
[EventDate "2020.08.14"]
[EventType "team"]

1. e4 c5 2. Nf3 e6 3. d4 cxd4 4. Nxd4 Nc6 5. Nc3 Qc7 6. Be3 a6 7. a3 Nf6 8. Be2
Be7 9. Qd2 O-O 10. f4 d6 11. O-O b5 12. f5 Nxd4 13. Qxd4 Bb7 14. Bf3 Nd7 15.
fxe6 fxe6 16. Bg4 Nc5 17. Qd2 Nxe4 18. Bxe6+ Kh8 19. Nxe4 Bxe4 20. c3 Qc6 21.
Bd4 d5 22. Qh6 Rg8 23. Rf7 Bc5 24. Qh3 Bxd4+ 25. cxd4 Qc4 26. Rd1 Rae8 27. Rff1
Rgf8 28. Bf7 Rc8 29. Be6 Rce8 30. Bf7 Rc8 31. Be6 Rce8 1/2-1/2

[Event "Online Olym Div2 D 2020"]
[Site "chess.com INT"]
[Date "2020.08.16"]
[Round "7.3"]
[Board "1"]
[White "Andersen, Mads"]
[Black "Salinas Herrera, Pablo"]
[Result "1-0"]
[WhiteTitle "GM"]
[BlackTitle "GM"]
[WhiteElo "2585"]
[BlackElo "2514"]
[WhiteTeam "Denmark"]
[BlackTeam "Chile"]
[WhiteFideId "1413864"]
[BlackFideId "3407128"]
[EventDate "2020.08.14"]
[EventType "team"]

1. Nf3 Nf6 2. g3 g6 3. b3 Bg7 4. Bb2 c5 5. d4 Ne4 6. Nbd2 Qa5 7. e3 Nc6 8. Bg2
Nc3 9. Qc1 cxd4 10. Nc4 Qh5 11. exd4 Bh6 12. Ne3 Nd5 13. O-O Nxe3 14. fxe3 O-O
15. c4 d5 16. cxd5 Nb4 17. Ne5 f6 18. Qc4 fxe5 19. Rxf8+ Bxf8 20. Qxb4 Qe2 21.
Qc3 Bg4 22. Re1 Qa6 23. dxe5 Rc8 24. Qd4 Rc2 25. e6 Rxb2 26. Qxb2 Bg7 27. Qc2
Be5 28. Qe4 Bc3 29. Rc1 Qe2 30. h3 Bf5 31. Qf3 Qb2 32. Rf1 Bf6 33. e4 Qd4+ 34.
Kh1 1-0

[Event "Online Olym Div2 D 2020"]
[Site "chess.com INT"]
[Date "2020.08.16"]
[Round "7.3"]
[Board "2"]
[White "Valenzuela Fuentealba, Luis"]
[Black "Hansen, Sune Berg"]
[Result "0-1"]
[WhiteTitle "IM"]
[BlackTitle "GM"]
[WhiteElo "2444"]
[BlackElo "2552"]
[WhiteTeam "Chile"]
[BlackTeam "Denmark"]
[WhiteFideId "3401294"]
[BlackFideId "1400266"]
[EventDate "2020.08.14"]
[EventType "team"]

1. d4 d5 2. c4 dxc4 3. e4 Nc6 4. Be3 e5 5. d5 Nce7 6. Bxc4 Nf6 7. Nc3 Ng6 8. h3
a6 9. Nf3 Bd6 10. O-O O-O 11. Re1 Bd7 12. a3 h6 13. Rc1 Qe7 14. Nd2 Rfc8 15. Bf1
b5 16. Ne2 c5 17. dxc6 Rxc6 18. Rxc6 Bxc6 19. Ng3 Qc7 20. Nf5 Bf8 21. Qf3 Ne8
22. Nb3 Rc8 23. Rc1 Qd8 24. Rd1 Qf6 25. Qg4 Rd8 26. Rc1 Bd7 27. Nc5 Bc8 28. Qf3
Nf4 29. g3 Ne6 30. Nxe6 Qxe6 31. h4 Nd6 32. Bb6 Re8 33. Rc6 Bb7 34. Bh3 Bxc6 0-1

[Event "Online Olym Div2 D 2020"]
[Site "chess.com INT"]
[Date "2020.08.16"]
[Round "7.3"]
[Board "3"]
[White "Kakulidis, Ellen"]
[Black "Abarca Gonzalez, Damaris"]
[Result "0-1"]
[WhiteTitle "WCM"]
[BlackTitle "WFM"]
[WhiteElo "2059"]
[BlackElo "2047"]
[WhiteTeam "Denmark"]
[BlackTeam "Chile"]
[WhiteFideId "1444972"]
[BlackFideId "3409414"]
[EventDate "2020.08.14"]
[EventType "team"]

1. d4 d5 2. c4 c6 3. Nf3 Nf6 4. g3 Bf5 5. Nc3 e6 6. Nh4 Bg6 7. cxd5 cxd5 8. Bg2
Nc6 9. O-O a6 10. Bf4 Bd6 11. Bxd6 Qxd6 12. e3 Rc8 13. Nxg6 hxg6 14. Qb3 b5 15.
Rfc1 O-O 16. Ne2 Na5 17. Qd3 Qb4 18. b3 Qa3 19. Rc2 Nc6 20. Qd2 Nb4 21. Rc5 Nd7
22. Rc3 Nb6 23. Rc5 Nd7 24. Rc3 a5 25. Bf1 Nc6 26. Nf4 Na7 27. Rc2 Rxc2 28. Qxc2
Rc8 29. Qd2 Nf6 30. Bd3 Rc7 31. Ne2 Ne4 32. Bxe4 dxe4 33. Rc1 Rxc1+ 34. Qxc1
Qxc1+ 35. Nxc1 Nc6 36. Kf1 Kf8 37. Ke2 Ke7 38. Kd2 Kd6 39. Kc3 Kd5 40. a3 e5 41.
dxe5 Nxe5 42. Ne2 Ng4 43. Nd4 Kc5 44. b4+ Kb6 45. bxa5+ Kxa5 46. Nc6+ Ka4 47.
Kb2 Nxf2 48. Ne5 Nd1+ 49. Ka2 Nxe3 50. Nxf7 Nc4 51. Ng5 e3 52. Nf3 e2 53. h3
Nxa3 54. Kb2 Nc4+ 55. Kc3 Ne5 56. Ne1 b4+ 57. Kd2 b3 58. Kc3 Ka3 0-1

[Event "Online Olym Div2 D 2020"]
[Site "chess.com INT"]
[Date "2020.08.16"]
[Round "7.3"]
[Board "4"]
[White "Reyes Jara, Paula"]
[Black "Stolberg-Rohr, Thomine"]
[Result "1/2-1/2"]
[WhiteTitle "WFM"]
[BlackTitle "WFM"]
[WhiteElo "1871"]
[BlackElo "1918"]
[WhiteTeam "Chile"]
[BlackTeam "Denmark"]
[WhiteFideId "3403920"]
[BlackFideId "1504258"]
[EventDate "2020.08.14"]
[EventType "team"]

1. e4 e5 2. Nf3 Nc6 3. Bc4 Bc5 4. c3 Nf6 5. d3 a6 6. Bb3 Ba7 7. O-O d6 8. Nbd2
O-O 9. h3 Nh5 10. Nc4 Qf6 11. Ne3 Ne7 12. Ng4 Bxg4 13. hxg4 Ng3 14. Bg5 Qg6 15.
Bxe7 Qh6 16. Nh2 Nxf1 17. Nxf1 Rfe8 18. Bxd6 cxd6 19. Qf3 Qf4 20. Qxf4 exf4 21.
Nd2 g5 22. Bd5 Rab8 23. Nf3 h6 24. Rc1 Kg7 25. d4 b5 26. a3 Re7 27. Ne1 a5 28.
Nd3 b4 29. axb4 axb4 30. Nxb4 Rxb4 31. cxb4 Bxd4 32. b3 Kg6 33. Rc6 Be5 34. b5
Rb7 35. b6 Kg7 36. Bc4 Bd4 37. Rc7 Rxb6 38. Rxf7+ Kg6 39. Kf1 Bc5 40. Rc7 Bb4
41. Ke2 Rb8 42. Ra7 Rf8 43. f3 Kf6 44. Kd3 Ke5 45. Rh7 Bc5 46. Rxh6 Rf6 47. Rh7
Rf8 48. Re7+ Kf6 49. Re6+ Kg7 50. Re7+ Kg6 51. Bd5 Rb8 52. Re6+ Kg7 53. Re7+ Kg6
54. Bf7+ Kf6 55. Rd7 Rb4 56. Bc4 Rb8 57. Rf7+ Kg6 58. Rf5 Rb7 59. e5 dxe5 60.
Rxe5 Be3 61. Bd5 Rd7 62. Ke4 Rd8 63. Re6+ Kg7 64. Bc4 Rd2 65. Kf5 Rxg2 66. Re7+
Kf8 67. Kxg5 Kxe7 68. Kf5 Rf2 69. Ke4 Kf6 70. Bd5 Rb2 71. Bc4 Kg5 72. Bd5 Kh4
73. Kf5 Rd2 74. Be4 Rd8 75. Bc6 Rf8+ 76. Ke4 Kg3 77. b4 Rf6 78. b5 Re6+ 79. Kf5
Rd6 80. Be4 Bb6 81. g5 Rd8 82. g6 Bd4 83. Kg5 Rb8 84. Bc6 Rd8 1/2-1/2

[Event "Online Olym Div2 D 2020"]
[Site "chess.com INT"]
[Date "2020.08.16"]
[Round "7.3"]
[Board "5"]
[White "Bjerre, Jonas Buhl"]
[Black "Castellanos Villela, Alejandro"]
[Result "1-0"]
[WhiteTitle "GM"]
[BlackTitle "CM"]
[WhiteElo "2549"]
[BlackElo "2202"]
[WhiteTeam "Denmark"]
[BlackTeam "Chile"]
[WhiteFideId "1444948"]
[BlackFideId "3446379"]
[EventDate "2020.08.14"]
[EventType "team"]

1. d4 Nf6 2. c4 e6 3. Nf3 a6 4. Nc3 d5 5. cxd5 exd5 6. Bg5 Be6 7. e3 Nbd7 8. Bd3
h6 9. Bf4 Be7 10. h3 Rc8 11. Qb3 Nb6 12. Ne5 O-O 13. Rd1 c5 14. dxc5 Bxc5 15.
Qc2 Qe7 16. O-O Rfd8 17. Rfe1 d4 18. exd4 Bxd4 19. Nf3 Bxc3 20. bxc3 Nbd5 21.
Be5 Qa3 22. Qd2 Nd7 23. Bd4 Nxc3 24. Re3 Nf6 25. Bxf6 gxf6 26. Nh4 Nxd1 27. Rg3+
Kf8 28. Qxh6+ Ke7 29. Ng6+ fxg6 30. Qg7+ Bf7 31. Bc4 Rxc4 32. Rxa3 Rh4 33. Rf3
Rd6 34. Kh2 Rh5 35. g4 Re5 36. h4 b5 37. g5 Rf5 38. Rxf5 gxf5 39. g6 Ke6 40.
Qxf7+ Ke5 41. g7 Nxf2 42. Qe7+ Re6 43. Qxe6+ Kxe6 44. g8=Q+ Ke5 45. Qg3+ 1-0